000
00273nam a22001097a 4500
082
_a
951.9 GUG'C
100
_a
GUGELER, RUSSALL A
_9
79014
245
_a
COMBAT ACTIONS IN KOREA INFANTRY ARTILLERY ARNOR
260
_a
WASHINGTON
_b
COMBAT
_c
1954
300
_a
260P
942
_c
BK
999
_c
584085
_d
584085